| 000 | 00567nam a2200181Ia 4500 | ||
|---|---|---|---|
| 999 |
_c58220 _d58217 |
||
| 082 | _aR/2CS14 | ||
| 100 | _aMuhammad Yaqoob Junejo | ||
| 100 | _aRoll No. 14CS36 | ||
| 100 | _aSupervisor - Dr. Imtiaz A. Halepoto | ||
| 245 | 0 | _aAnalysis of Multi-path Transport using the Stream Control Transmission Protocol. | |
| 260 |
_cNawabshah _aQUEST _b2018 |
||
| 300 | _a45p | ||
| 700 | _aLewal Kumar (Roll No. 14CS30) | ||
| 700 | _aPrem Kumar (Roll No. 14CS22) | ||
| 700 | _aDileep Kumar (Roll No. 14CS04) | ||
| 700 | _aPrem Singh (Roll No. 14CS12) | ||
| 942 | _cTHESIS | ||